| 000 | 00631nam a2200229Ia 4500 | ||
|---|---|---|---|
| 008 | 170712s9999 xx 000 0 und d | ||
| 020 | _a9710866222 | ||
| 050 | _a899.21 | ||
| 050 | _bM445 2005 | ||
| 100 | _aMatute, Genoveva Edroza | ||
| 245 | _aDiaspora at iba pang mga kwento / | ||
| 245 | _cby Genoveva Edroza Matute ; introduction by Bienvenido L. Lumbera. | ||
| 260 | _aPhilippines : | ||
| 260 | _bNational Book Store, | ||
| 260 | _c2005 | ||
| 300 | _a98 pages : | ||
| 300 | _billustrations ; | ||
| 300 | _c22cm. | ||
| 650 | _aLumbera, Bienvenido L. | ||
| 650 | _aShort stories, Filipino. | ||
| 650 | _xTitle. | ||
| 999 |
_c340288 _d340288 |
||